1.FC Köln players (2000-2010) - Statistics

General Stats
  • This quiz has been taken 5 times
  • The average score is 24 of 123
Answer Stats
Rank Player Positions Nationality Matches Goals (assists) Period % Correct
7 Lukas Podolski ST 108 48 (20) 2003-2006, 2009-2010
100%
10 Faryd Mondragón GK 94 0 (2) 2007-2010
80%
5 Milivoje Novakovic ST 118 52 (14) 2006-2010
80%
25 Patrick Helmes ST 65 35 (11) 2005-2008
80%
14 Adil Chihi RW 88 12 (15) 2006-2010
60%
20 Albert Streit RW 78 8 (15) 2003-2006
60%
1 Matthias Scherz ST 240 58 (30) 2000-2009
60%
28 Pedro Geromel CB 61 2 (1) 2008-2010
60%
26 Petit DM 63 4 (6) 2008-2010
60%
4 Alexander Voigt LB 137 8 (12) 2000-2005
40%
70 Andriy Voronin CF 19 4 (1) 2003-2004
40%
91 Anthony Lurling AM 12 0 (0) 2005-2006
40%
6 Dirk Lottner AM 115 37 (30) 2000-2004
40%
8 Fabrice Ehret LB 107 4 (15) 2006-2010
40%
97 Imre Szabics CF 11 1 (0) 2005-2006
40%
110 Joshua Kennedy ST 4 0 (0) 2003-2004
40%
19 Kevin McKenna CB 79 4 (3) 2007-2010
40%
21 Lukas Sinkiewicz DM 76 1 (1) 2003-2007
40%
51 Manasseh Ishiaku ST 28 1 (3) 2008-2010
40%
86 Marco Streller ST 14 3 (1) 2005-2006
40%
121 Mariano Tripodi ST 1 1 (0) 2006-2007
40%
16 Marvin Matip CB 87 1 (2) 2005-2010
40%
79 Maynor Suazo DM 16 0 (0) 2007-2008
40%
24 Miso Brecko RB 65 2 (2) 2008-2010
40%
17 Moses Sichone CB 87 0 (1) 2000-2004
40%
54 Pekka Lagerblom DM 27 1 (0) 2006-2007
40%
41 Ricardo Cabanas CM 41 2 (5) 2005-2007
40%
37 Roda Antar DM 46 7 (6) 2007-2009
40%
55 Rolf-Christel Guié-Mien RW 27 0 (3) 2004-2006
40%
63 Sergiu Radu ST 22 2 (3) 2008-2009
40%
11 Stefan Wessels GK 93 0 (0) 2003-2007
40%
23 Thomas Broich AM 69 4 (16) 2006-2009
40%
98 Thomas Kessler GK 11 0 (1) 2006-2010
40%
12 Youssef Mohamad CB 92 8 (3) 2007-2010
40%
30 Aleksandar Mitreski CB 55 0 (2) 2006-2008
20%
13 Alexander Bade GK 90 0 (0) 2000-2006
20%
35 Alpay Özalan CB 48 1 (2) 2005-2007
20%
67 André Beleza AM 20 0 (2) 2006-2008
20%
18 Andrew Sinkala CB 84 4 (0) 2000-2006
20%
109 Attila Tököli ST 4 0 (1) 2004-2006
20%
96 Baykal Bellusci DM 11 0 (0) 2006-2007
20%
71 Bernt Haas RB 19 0 (0) 2006-2007
20%
81 Björn Schlicke CB 15 3 (0) 2005-2006
20%
102 Boris Zivkovic RB 8 1 (0) 2005-2006
20%
3 Carsten Cullmann CB 150 7 (4) 2000-2007, 2009-2010
20%
39 Christian Lell RB 42 1 (5) 2004-2006
20%
2 Christian Springer LM 152 21 (9) 2000-2006
20%
100 Derek Boateng DM 10 0 (0) 2008-2009
20%
72 Dimitrios Grammozis DM 19 0 (2) 2005-2006
20%
105 Evangelos Nessos RM 6 0 (0) 2001-2003
20%
92 Fabio Luciano CB 12 0 (0) 2006-2007
20%
73 Giovanni Federico AM 19 0 (5) 2002-2004
20%
85 Konstantinos Konstantinidis CB 14 1 (0) 2004-2005
20%
108 Lilian Laslandes ST 5 0 (0) 2001-2002
20%
57 Maniche CM 26 2 (2) 2009-2010
20%
36 Marius Ebbers ST 48 10 (5) 2003-2005
20%
93 Marius Johnsen LB 12 0 (0) 2006-2007
20%
42 Markus Feulner CM 38 5 (5) 2003-2006
20%
114 Michael Niedrig CM 3 0 (0) 2003-2005
20%
122 Patrick Weiser LB 1 0 (0) 2005-2006
20%
64 Peter Madsen ST 21 0 (2) 2005-2007
20%
48 Pierre Womé LB 30 0 (4) 2008-2010
20%
80 Rigobert Song CB 16 0 (0) 2001-2002
20%
65 Salvatore Gambino CF 21 2 (2) 2006-2008
20%
83 Thomas Bröker ST 15 1 (3) 2004-2005
20%
9 Thomas Cichon CB 103 3 (3) 2000-2004
20%
84 Timo Achenbach LB 15 0 (1) 2004-2005
20%
99 Tobias Nickenig CB 11 0 (0) 2007-2009
20%
44 Ümit Özat LB 35 0 (11) 2007-2009
20%
95 Vladan Grujic DM 12 0 (0) 2003-2005
20%
66 Wilfried Sanou LW 21 2 (0) 2008-2010
20%
89 Youssef Mokhtari AM 13 0 (6) 2005-2006
20%
90 Zoran Tosic RW 13 5 (2) 2009-2010
20%
101 Adam Matuszczyk DM 9 2 (1) 2009-2010
0%
112 Alassane Ouédraogo RM 3 0 (0) 2000-2002
0%
49 Archil Arveladze ST 29 7 (2) 2000-2002
0%
56 Christian Rahn LB 26 1 (5) 2004-2006
0%
40 Christian Timm RW 42 8 (11) 2000-2002
0%
76 Christopher Schorch CB 17 1 (0) 2009-2010
0%
115 Claus-Dieter Wollitz AM 2 0 (0) 2000-2001
0%
75 Daniel Brosinski RB 18 1 (0) 2008-2010
0%
103 Darko Pivaljević ST 8 1 (0) 2000-2002
0%
62 Denis Epstein LW 23 2 (2) 2005-2007
0%
120 Enis Alushi CM 1 0 (0) 2006-2007
0%
113 Evanilson RB 3 0 (0) 2005-2006
0%
82 Fábio Bilica CB 15 0 (0) 2004-2005
0%
27 Florian Kringe CM 62 8 (3) 2002-2004
0%
50 Francis Kioyo ST 28 5 (6) 2002-2003
0%
53 Georgi Donkov AM 27 1 (1) 2000-2002
0%
59 Hanno Balitsch DM 24 0 (1) 2001-2002
0%
116 Ivan Vukomanovic DM 2 0 (0) 2000-2001
0%
117 Ivica Grlic DM 2 0 (0) 2000-2001
0%
45 Janusz Dziwior CB 34 0 (3) 2000-2002
0%
31 Jens Keller CB 55 0 (2) 2000-2002
0%
68 Jörg Heinrich LB 20 0 (1) 2003-2004
0%
78 Jörg Reeb DM 16 0 (0) 2001-2002
0%
29 Kevin Pezzoni CB 56 2 (1) 2007-2010
0%
69 Kevin Schöneberg DM 20 0 (0) 2006-2008
0%
60 Marco Reich LM 24 0 (2) 2001-2002
0%
87 Marc Zellweger RB 13 1 (0) 2001-2002
0%
94 Markus Dworrak LW 12 0 (2) 2000-2001, 2002-2004
0%
52 Markus Happe CB 28 2 (0) 2002-2004
0%
22 Markus Kreuz LM 74 9 (4) 2000-2003
0%
15 Markus Kurth ST 88 14 (13) 2000-2003
0%
32 Markus Pröll GK 55 0 (1) 2000-2003
0%
118 Michael Lejan DM 2 0 (0) 2003-2004
0%
43 Miroslav Baranek AM 37 3 (5) 2000-2002
0%
58 Mustafa Dogan CB 25 1 (0) 2003-2004
0%
33 Nemanja Vucicevic LW 53 2 (12) 2007-2009
0%
38 Oliver Schröder DM 45 1 (3) 2002-2004
0%
88 Ralf Hauptmann DM 13 0 (0) 2000-2001
0%
123 Reinhold Yabo CM 1 0 (0) 2009-2010
0%
61 Roland Benschneider CB 24 1 (0) 2004-2006
0%
46 Sebastian Freis ST 31 3 (4) 2009-2010
0%
47 Sebastian Helbig ST 31 0 (0) 2002-2004
0%
34 Sebastian Schindzielorz DM 50 0 (3) 2003-2006
0%
119 Sebastian Zielinsky RM 2 0 (0) 2009-2010
0%
104 Serhat Akın RW 7 1 (0) 2006-2007
0%
77 Spasoje Bulajic CB 17 0 (0) 2000-2002
0%
74 Taner Yalçın DM 19 0 (2) 2008-2010
0%
106 Tiago Cavalcanti ST 6 0 (1) 2006-2007
0%
107 Tomasz Klos CB 6 0 (0) 2003-2004
0%
111 Vasilios Tsiartas AM 4 1 (1) 2004-2005
0%
No matching quizzes found
Score Distribution
Percent of People with Each Score
Percentile by Number Answered
Your Score History
You have not taken this quiz